[Event "Match"]
[Site "www.echecsemail.com"]
[Date "2019.01.01"]
[Round "1"]
[White "Karlgrocer"]
[Black "Blackorblanc"]
[WhiteElo "1920"]
[BlackElo "1649"]
[Result "1-0"]
[Round "1"]
1.d4 f5
2.Nb1c3 Ng8f6
3.Bc1d2 d5
4.e3 e6
5.Bf1e2 c5
6.dxc5 Bf8xc5
7.Ng1f3 Nb8c6
8.O-O Qd8c7
9.a3 Bc8d7
10.Nc3a2 Nf6e4
11.Na2c3 Ne4f6
12.b4 Bc5b6
13.Nc3b5 Qc7b8
14.Bd2c3 a6
15.Nb5d4 Rh8g8
16.a4  { time }
1-0

[Event "Tourn. n10002"]
[Site "www.echecsemail.com"]
[Date "2019.01.01"]
[Round "1"]
[White "Seger"]
[Black "Senitram"]
[WhiteElo "2820"]
[BlackElo "2600"]
[Result "1-0"]
[Round "1"]
1.d4 Ng8f6
2.c4 c5
3.d5 g6
4.Nb1c3 Bf8g7
5.e4 O-O
6.Ng1f3 a6
7.e5 Nf6e8
8.h4 d6
9.h5 dxe5
10.hxg6 hxg6
11.Bf1d3 Ne8d6
12.Qd1e2 Nb8d7
13.Bc1h6 Bg7xh6
14.Rh1xh6 Kg7
15.Rh6h1 Rf8h8
16.O-O-O f6
17.g4 b5
18.g5 bxc4
19.gxf6 exf6
20.Bd3xg6 Rh8xh1
21.Rd1xh1 Nd7f8
22.Bg6c2 Ra8a7
23.Nf3xe5 { resign }
1-0

[Event "Match"]
[Site "www.echecsemail.com"]
[Date "2019.01.01"]
[Round "1"]
[White "Tonino1"]
[Black "Goofy"]
[WhiteElo "2250"]
[BlackElo "2300"]
[Result "0-1"]
[Round "1"]
1.d4 d6
2.Ng1f3 Nb8d7
3.e3 Ng8f6
4.Bf1d3 e5
5.dxe5 dxe5
6.e4 Bf8e7
7.O-O c6
8.Nb1d2 Qd8c7
9.c3 h6
10.Qd1e2 Nd7f8
11.Nd2c4 Nf8g6
12.g3 Bc8g4
13.Nc4e3 Bg4h3
14.Ne3f5 Bh3xf1
15.Kxf1 Be7f8
16.h3 Ng6e7
17.Bc1e3 g6
18.Nf5xe7 Bf8xe7
19.Nf3h4 Qc7d7
20.Kg2 Nf6h7
21.Be3xh6 Nh7g5
22.Bh6xg5 Be7xg5
23.Ra1h1 Bg5xh4
24.gxh4 Rh8xh4
25.Qe2e3 Qd7e7
26.Rh1f1 Rh4f4
27.f3 O-O-O
28.Rf1d1 Kb8
29.Qe3e2 Rd8h8
30.Qe2e3 Qe7g5
31.Kh2 Rh8xh3
 { time }
0-1

[Event "Tourn. n10031"]
[Site "www.echecsemail.com"]
[Date "2019.01.01"]
[Round "1"]
[White "Bojan"]
[Black "Comrade"]
[WhiteElo "2030"]
[BlackElo "2250"]
[Result "0-1"]
[Round "1"]
1.e4 c5
2.e5 Nb8c6
3.Ng1f3 d6
4.Qd1e2 Bc8g4
5.exd6 Qd8xd6
6.c3 a6
7.Qe2e4 Ng8f6
8.Qe4e3 Nf6d5
9.Qe3d3 Qd6e6
10.Qd3e2 Nc6e5
11.Kd1 Qe6f6
12.h3 Bg4xf3
13.gxf3 b5
14.d3 Ra8d8
15.Rh1g1 h6
16.Nb1d2 Nd5f4
17.Qe2e4 Nf4xd3
18.Qe4e3 c4
19.f4 Nd3xf4
20.Rg1g3 g5
21.a4 Bf8g7
22.axb5 axb5
23.Ra1a5 Qf6c6
24.Kc2 O-O
25.Nd2f3 Qc6g6
{ resign }
0-1

[Event "Tourn. n9940"]
[Site "www.echecsemail.com"]
[Date "2019.01.01"]
[Round "1"]
[White "Krystek23"]
[Black "Jaroslavpech"]
[WhiteElo "2560"]
[BlackElo "2470"]
[Result "0-1"]
[Round "1"]
1.c4 e5
2.Nb1c3 Ng8f6
3.d3 Nb8c6
4.Ng1f3 d6
5.g3 g6
6.Bf1g2 Bf8g7
7.O-O O-O
8.b3 Bc8d7
9.Bc1b2 Qd8c8
10.Nc3d5 Nf6xd5
11.cxd5 Nc6e7
12.e4 c6
13.dxc6 Ne7xc6
14.Qd1d2 Bd7g4
15.Ra1c1 a5
16.Nf3e1 a4
17.b4 a3
18.Bb2c3 Qc8d7
19.b5 Nc6a7
20.b6 Na7b5
21.Bc3b4 Ra8a4
22.Ne1c2 Bg4e6
23.Nc2e3 Bg7h6
24.f4 Rf8c8
25.Rc1xc8 Qd7xc8
26.Kh1 exf4
27.gxf4 Qc8d7
28.Ne3c4 Qd7c6
29.Rf1c1 Bh6xf4
30.Qd2xf4 Ra4xb4
31.Qf4f6 Qc6e8
32.Kg1 Qe8f8
33.Kh1 Qf8c8
34.Rc1f1 Qc8d7
35.Nc4e3 Nb5d4
36.Ne3d5 Be6xd5
37.exd5 Qd7e8
 { time }
0-1

[Event "Tourn. n10006"]
[Site "www.echecsemail.com"]
[Date "2019.01.01"]
[Round "1"]
[White "Cal"]
[Black "Julian"]
[WhiteElo "1830"]
[BlackElo "1620"]
[Result "1-0"]
[Round "1"]
1.c4 Ng8f6
2.Nb1c3 d6
3.h3 e5
4.e4 Bc8e6
5.Ng1f3 c6
6.a3 Bf8e7
7.Bf1e2 O-O
8.b4 Qd8c7
9.d3 Nb8d7
10.O-O Ra8d8
11.Nf3h4 Nf6xe4
12.Nc3xe4 Be7xh4
13.Be2f3 f5
14.Ne4c3 e4
15.dxe4 Nd7e5
16.exf5 Ne5xf3
17.Qd1xf3 Rf8xf5
18.Bc1f4 Bh4f6
19.c5 dxc5
{ time. }
1-0

[Event "Tourn. n10021"]
[Site "www.echecsemail.com"]
[Date "2019.01.01"]
[Round "1"]
[White "Cemaah"]
[Black "Erno"]
[WhiteElo "2149"]
[BlackElo "2169"]
[Result "1-0"]
[Round "1"]
1.e4 c5
2.Ng1f3 d6
3.d4 cxd4
4.Nf3xd4 Ng8f6
5.Nb1c3 a6
6.f3 e5
7.Nd4b3 Bc8e6
8.Bc1e3 Bf8e7
9.Qd1d2 O-O
10.O-O-O Nb8d7
11.g4  { time }
1-0

[Event "Match"]
[Site "www.echecsemail.com"]
[Date "2019.01.01"]
[Round "1"]
[White "Mitja"]
[Black "Ssharp"]
[WhiteElo "1980"]
[BlackElo "2270"]
[Result "0-1"]
[Round "1"]
1.d4 e6
2.e3 d5
3.c3 c5
4.dxc5 Bf8xc5
5.b3 Ng8f6
6.Bc1b2 Nb8c6
7.Bf1d3 e5
8.Bd3c2 O-O
9.h3 Qd8e7
10.Ng1f3 Rf8d8
11.Qd1e2 e4
12.Nf3d4 Nc6xd4
13.exd4 Bc5d6
14.Nb1d2 Bc8d7
15.g4 b5
16.b4 a5
17.a3 a4
18.O-O-O Ra8c8
19.g5 Nf6e8
20.Rd1g1 g6
21.h4 Ne8g7
22.f3 e3
23.Nd2f1 Rd8e8
24.Bc2d3 Ng7h5
25.Kc2 Nh5f4
26.Nf1xe3 Nf4xe2
{ resign }
0-1

[Event "Tourn. n10040"]
[Site "www.echecsemail.com"]
[Date "2019.01.01"]
[Round "1"]
[White "Bojan"]
[Black "Picifarkinca"]
[WhiteElo "1990"]
[BlackElo "1860"]
[Result "0-1"]
[Round "1"]
1.e4 e5
2.Ng1f3 Nb8c6
3.c3 Ng8f6
4.Qd1a4 Bf8e7
5.Bf1b5 d6
6.Bb5xc6 bxc6
7.Qa4xc6 Bc8d7
8.Qc6c4 O-O
9.d4 Bd7e6
10.d5 Be6d7
11.h3 Qd8b8
12.a4 Qb8b7
13.b4 c6
14.Bc1g5 cxd5
15.exd5 Ra8c8
16.Qc4d3 e4
17.Qd3e2 exf3
18.Qe2xf3 Qb7xd5
19.Qf3g3 Nf6e4
{ resign }
0-1

[Event "Match"]
[Site "www.echecsemail.com"]
[Date "2019.01.01"]
[Round "1"]
[White "Ssharp"]
[Black "Bojan"]
[WhiteElo "2270"]
[BlackElo "2030"]
[Result "1-0"]
[Round "1"]
1.e4 e5
2.d4 exd4
3.c3 dxc3
4.Bf1c4 Bf8b4
5.bxc3 Bb4c5
6.Bc4xf7 Kf8
7.Bf7b3 d6
8.Ng1e2 Qd8f6
9.O-O Bc8e6
10.Qd1c2 Nb8c6
11.Bc1b2 Qf6g6
12.Ne2f4 Qg6h6
13.Nf4xe6 Ke7
14.Ne6xc5 dxc5
15.e5 Nc6a5
16.Bb3d5 c6
17.Bb2c1 Qh6h4
18.g3 Qh4h5
19.Bd5g2 Na5c4
20.f4 Ng8h6
21.Qc2b3 Nc4b6
22.Bc1a3 Rh8d8
23.Ba3xc5 Ke8
24.Qb3e6 { resign }
1-0

[Event "Match"]
[Site "www.echecsemail.com"]
[Date "2019.01.01"]
[Round "1"]
[White "Bojan"]
[Black "Mitja"]
[WhiteElo "2020"]
[BlackElo "1930"]
[Result "0-1"]
[Round "1"]
1.e4 d5
2.exd5 Qd8xd5
3.Nb1c3 Qd5d8
4.b3 e6
5.Bc1b2 c6
6.Ng1f3 h6
7.g3 Ng8f6
8.Qd1e2 b6
9.Bf1g2 Bc8b7
10.O-O Bf8e7
11.Nf3e5 O-O
12.Ra1d1 Qd8c7
13.Nc3e4 Nf6xe4
14.Bg2xe4 Be7d6
15.Ne5c4 Bd6e7
16.Bb2e5 Qc7d7
17.Be5c3 c5
18.Qe2g4 f6
19.Qg4g6 Bb7xe4
20.Qg6xe4 Nb8a6
21.d4 cxd4
22.Rd1xd4 Qd7c7
23.Rf1d1 Ra8d8
24.Qe4xe6 Kh8
25.Bc3b2 Rd8xd4
26.Rd1xd4 Rf8d8
27.Nc4e3 Rd8xd4
28.Bb2xd4 Na6c5
29.Qe6d5 Qc7d7
30.Qd5c4 Nc5e6
31.Bd4c3 Ne6g5
32.Qc4e2 Qd7c6
33.Ne3f5 Be7f8
34.Bc3d4 Ng5h3
35.Kf1 Qc6h1
{ resign }
0-1

[Event "1/16 Finale"]
[Site "www.chess-mail.com"]
[Date "2019.01.01"]
[Round "1"]
[White "Buchauer"]
[Black "Destructor"]
[WhiteElo "2840"]
[BlackElo "2510"]
[Result "1/2-1/2"]
[Round "1"]
1.d4 d5
2.c4 c6
3.Ng1f3 e6
4.e3 Ng8f6
5.b3 Nb8d7
6.Bf1d3 Bf8d6
7.Bc1b2 O-O
8.O-O b6
9.Nb1d2 Bc8b7
10.Qd1e2 Qd8e7
11.Ra1d1 Rf8e8
12.Nf3e5 c5
13.f4 cxd4
14.cxd5 dxe3
15.Nd2c4 exd5
16.Nc4xd6 Qe7xd6
17.Qe2xe3 Nd7c5
18.Bd3f5 h6
19.h3 Ra8d8
20.Qe3d4 Bb7c8
21.Bf5b1 Nc5e6
22.Qd4f2 Bc8b7
23.Qf2g3 Qd6c5
24.Kh2 d4
25.Rf1e1 Nf6h5
26.Qg3g4 Nh5f6
27.Qg4g3 Nf6h5
28.Qg3g4 Nh5f6
29.Qg4g3 Nf6h5

1/2-1/2

[Event "Tourn. n10012"]
[Site "www.echecsemail.com"]
[Date "2019.01.02"]
[Round "1"]
[White "Roque1"]
[Black "Erno"]
[WhiteElo "2020"]
[BlackElo "2089"]
[Result "1-0"]
[Round "1"]
1.e4 e5
2.Ng1f3 Ng8f6
3.d3 d5
4.Nb1c3 d4
5.Nc3e2 Bf8d6
6.Bc1g5 h6
7.Bg5h4 Bc8e6
8.Qd1d2 c5
9.h3 Nb8c6
10.a3 Ra8c8
11.Bh4g3  { time }
1-0

[Event "Tourn. n9989"]
[Site "www.echecsemail.com"]
[Date "2019.01.02"]
[Round "1"]
[White "Tonino1"]
[Black "Zack1984"]
[WhiteElo "2120"]
[BlackElo "2080"]
[Result "0-1"]
[Round "1"]
1.f4 d5
2.d4 c5
3.e3 Ng8f6
4.c3 e6
5.Bf1d3 b6
6.Ng1f3 Bc8b7
7.O-O Nb8c6
8.Nf3e5 Bf8d6
9.Nb1d2 O-O
10.Qd1f3 Qd8c7
11.g4 g6
12.h4 h5
13.gxh5 Nf6xh5
14.Kf2 cxd4
15.exd4 Nh5xf4
16.Qf3xf4 f6
17.Qf4h6 fxe5
18.Kg2 exd4
19.Nd2f3 dxc3
20.bxc3 Qc7g7
21.Bd3xg6 Nc6e5
22.Nf3xe5 Rf8xf1
23.Kxf1 Bd6xe5
24.Qh6xg7 Kxg7
25.h5 Be5xc3
26.Ra1b1 Ra8f8
27.Ke2 e5
28.Bc1b2 Bb7a6
29.Ke3 Bc3xb2
30.Rb1xb2 Rf8f4
31.Rb2g2 Kh6
32.Bg6e8 d4
33.Kd2 e4
34.Rg2g6 Kh7
35.Rg6d6 e3
36.Kc2 e2
37.Rd6e6 d3
38.Kd2 Rf4f1
39.Be8c6 Rf1d1
40.Kc3 Rd1c1
41.Kd2 Rc1c2
 { time }
0-1

[Event "Match"]
[Site "www.echecsemail.com"]
[Date "2019.01.02"]
[Round "1"]
[White "Tbsundar"]
[Black "Chapi"]
[WhiteElo "2000"]
[BlackElo "2050"]
[Result "0-1"]
[Round "1"]
1.d4 d5
2.c4 Ng8f6
3.e3 Bc8f5
4.Ng1f3 e6
5.Bf1d3 Bf5xd3
6.Qd1xd3 Bf8b4
7.Bc1d2 Nb8c6
8.a3 Bb4xd2
9.Nb1xd2 O-O
10.O-O Nc6e7
11.Nf3e5 Nf6d7
12.f4 f6
13.Ne5g4 c5
14.b4 b6
15.Ra1e1 Ra8c8
16.dxc5 bxc5
17.b5 Nd7b6
18.Qd3c2 Ne7f5
19.cxd5 Qd8xd5
20.e4 Qd5d4
21.Kh1 Nf5d6
22.f5 e5
23.Rf1f3 Nd6xb5
24.Rf3d3 Qd4a4
25.Qc2a2 Kh8
26.Ng4e3 Nb5d4
27.Nd2c4 Rf8d8
28.Nc4xb6 axb6
29.Ne3c4 Qa4a6
30.Nc4b2 Nd4c2
31.Rd3xd8 Rc8xd8
32.Re1g1 Qa6xa3
33.Rg1a1 Qa3xa2
34.Ra1xa2 Nc2b4
35.Ra2a1 b5
36.h3 g6
37.Ra1f1 c4
38.Nb2d1 Nb4d3
39.fxg6 Nd3f4
40.gxh7 Rd8d4
41.Nd1c3 b4
42.Nc3b5 Rd4xe4
43.Nb5d6 Re4d4
44.Nd6f5 Rd4d7
45.Nf5e3 c3
46.Rf1b1 Rd7b7
47.Kg1 Nf4e2
48.Kf2 Ne2d4
49.Rb1c1 b3
50.Ne3d5 b2
51.Rc1xc3 b1Q
52.Rc3c8 Kxh7
53.Nd5xf6 Kg6
54.Nf6g4 Qb1f5
{ resign }
0-1

[Event "Match"]
[Site "www.echecsemail.com"]
[Date "2019.01.02"]
[Round "1"]
[White "Caspito"]
[Black "Blackorblanc"]
[WhiteElo "1810"]
[BlackElo "1649"]
[Result "1-0"]
[Round "1"]
1.e4 Nb8c6
2.Ng1f3 e6
3.d4 Ng8f6
4.Bc1g5 Bf8e7
5.Bg5xf6 Be7xf6
6.Nb1c3 O-O
7.Bf1d3 Nc6xd4
8.O-O c5
9.e5 Bf6e7
10.Nc3e4 Nd4xf3
11.Qd1xf3 f5
12.Ne4c3 Ra8b8
13.a4 b6
14.Bd3c4 Bc8b7
15.Qf3h3 d5
16.Bc4e2 d4
17.Nc3a2 g5
18.Ra1d1 g4
19.Qh3g3 Be7h4
20.Qg3f4 Qd8d5
21.f3  { time }
1-0

[Event "Match"]
[Site "www.echecsemail.com"]
[Date "2019.01.02"]
[Round "1"]
[White "Jovaras"]
[Black "Jesmantiz"]
[WhiteElo "2140"]
[BlackElo "2170"]
[Result "1-0"]
[Round "1"]
1.e4 c6
2.d4 d6
3.Nb1c3 g6
4.Bc1e3 Bf8g7
5.Qd1d2 h6
6.O-O-O a6
7.f3 e6
8.Bf1c4 Ng8e7
9.Ng1e2 b5
10.Bc4b3 a5
11.a4 b4
12.Nc3a2 Nb8a6
13.Kb1 d5
14.e5 Ne7f5
15.Be3f2 Qd8c7
16.g4 Nf5e7
17.h4  { time }
1-0

[Event "Tourn. n9991"]
[Site "www.echecsemail.com"]
[Date "2019.01.02"]
[Round "1"]
[White "Panham"]
[Black "Gandalf50"]
[WhiteElo "2190"]
[BlackElo "2200"]
[Result "0-1"]
[Round "1"]
1.e4 c5
2.d4 cxd4
3.c3 d3
4.Bf1xd3 d6
5.Ng1f3 Ng8f6
6.O-O g6
7.e5 dxe5
8.Nf3xe5 Bf8g7
9.Qd1b3 O-O
10.Bd3c4 e6
11.Bc1g5 Nb8c6
12.Ne5xc6 bxc6
13.Nb1d2 Qd8b6
14.Qb3c2 Bc8a6
15.Bc4xa6 Qb6xa6
16.Nd2f3 Nf6d5
17.Qc2d2 Ra8b8
18.Nf3d4 c5
19.Nd4b3 c4
20.Nb3c5 Qa6b5
21.Nc5e4 Qb5xb2
22.Qd2xb2 Rb8xb2
23.Rf1b1 Rf8b8
24.Rb1c1 Rb2e2
25.Ne4g3 Re2b2
26.Ng3e4 f5
27.Ne4d6 Nd5xc3
28.Rc1e1 Rb2c2
29.Re1xe6 Nc3e4
{ resign }
0-1

[Event "Tourn. n10008"]
[Site "www.echecsemail.com"]
[Date "2019.01.02"]
[Round "1"]
[White "Bojan"]
[Black "Odin"]
[WhiteElo "2020"]
[BlackElo "1940"]
[Result "1-0"]
[Round "1"]
1.e4 e5
2.Bf1e2 Ng8f6
3.d3 Bf8c5
4.a3 d6
5.h3 h6
6.Nb1c3 Nb8c6
7.Nc3a4 Nf6d7
8.Ng1f3 Nc6d4
9.Na4xc5 Nd4xe2
10.Nc5xb7 Bc8xb7
11.Kxe2 Bb7a6
12.b4 Nd7f6
13.c4 c6
14.Qd1a4 Ba6b7
15.Bc1e3 O-O
16.Nf3h2 d5
17.cxd5 cxd5
18.f3 dxe4
19.dxe4 Nf6h5
20.Be3f2 Nh5f4
21.Kf1 Qd8d3
22.Kg1  { time }
1-0

[Event "Match"]
[Site "www.echecsemail.com"]
[Date "2019.01.02"]
[Round "1"]
[White "Caspito"]
[Black "Zorkvonblitz"]
[WhiteElo "1800"]
[BlackElo "1649"]
[Result "1-0"]
[Round "1"]
1.e4 f5
2.Nb1c3 fxe4
3.Nc3xe4 g6
4.d4 Bf8g7
5.Ng1f3 Ng8f6
6.Qd1d3 d6
7.Bc1g5 Bc8f5
8.Qd3b5 Nb8d7
9.Qb5xb7 Ra8b8
10.Ne4xf6 exf6
11.Bg5xf6 Bg7xf6
12.Qb7xa7 Rb8xb2
13.Bf1d3 Bf5xd3
14.cxd3 Nd7b6
15.O-O O-O
16.a4 Qd8b8
17.Qa7a5 Qb8b7
18.Ra1b1 Rb2xb1
19.Rf1xb1 Rf8a8
20.Qa5b5 Ra8xa4
21.h3 Ra4a8
22.Nf3h2 Bf6xd4
23.Nh2g4 Ra8f8
24.Rb1f1 Kg7
25.Qb5b4 c5
26.Qb4b5  { time }
1-0

[Event "Tourn. n10026"]
[Site "www.echecsemail.com"]
[Date "2019.01.02"]
[Round "1"]
[White "Rons"]
[Black "Erno"]
[WhiteElo "2670"]
[BlackElo "2340"]
[Result "1-0"]
[Round "1"]
1.e4 c5
2.Ng1f3 d6
3.d4 cxd4
4.Nf3xd4 Ng8f6
5.Nb1c3 a6
6.Bc1e3 e5
7.Nd4b3 Bc8e6
8.f3 Bf8e7
9.Qd1d2 Nb8d7
10.g4 O-O
11.O-O-O b5
12.Rh1g1 Nd7b6
13.Nb3a5 Qd8c7
14.g5  { time }
1-0

[Event "Tourn. n9963"]
[Site "www.echecsemail.com"]
[Date "2019.01.02"]
[Round "1"]
[White "Johnmcbride"]
[Black "Apdash"]
[WhiteElo "2020"]
[BlackElo "2240"]
[Result "0-1"]
[Round "1"]
1.e4 c5
2.c4 e6
3.Nb1c3 g6
4.Ng1e2 Bf8g7
5.Qd1a4 Nb8c6
6.Qa4b5 d6
7.d3 Ng8e7
8.g3 a6
9.Qb5a4 Bc8d7
10.Qa4d1 O-O
11.Bc1f4 Nc6e5
12.Bf4xe5 Bg7xe5
13.f4 Be5g7
14.Qd1b3 Bd7c6
15.O-O-O f5
16.d4 cxd4
17.Ne2xd4 Qd8d7
18.Nd4xc6 bxc6
19.exf5 Ne7xf5
20.Bf1d3 Ra8b8
21.Qb3a3 d5
22.Bd3xf5 Rf8xf5
23.Qa3xa6 d4
24.Rd1d2 Qd7c7
25.Qa6a4 dxc3
26.bxc3 Bg7xc3
27.Rd2d3 Rf5a5
28.Qa4c2 Qc7a7
29.Qc2e2 Bc3b2
30.Kd1 e5
31.Qe2g4 Ra5xa2
32.Qg4e6 Qa7f7
33.Qe6xf7 Kxf7
34.Rh1f1 Ra2a1
35.Ke2 Ra1xf1
36.Kxf1 exf4
37.gxf4 c5
38.Rd3d7 Kg8
39.Rd7d2 Bb2d4
40.Rd2e2 Rb8b1
41.Kg2 Rb1c1
42.h4 Rc1xc4
43.Re2e6 Kf7
44.Re6d6 Rc4c3
45.Rd6d7 Kg8
46.Rd7d5 Rc3c2
47.Kh3 Bd4e3
48.Kg3 Rc2c4
49.f5 gxf5
50.Rd5xf5 Be3d2
51.Kh3 Rc4c2
52.Rf5f2 c4
53.Kg4 c3
{ resign }
0-1

[Event "1/128 Finale"]
[Site "www.chess-mail.com"]
[Date "2019.01.02"]
[Round "1"]
[White "Hennie4820"]
[Black "Ffdd65"]
[WhiteElo "1930"]
[BlackElo "2170"]
[Result "0-1"]
[Round "1"]
1.e4 e5
2.Ng1f3 Nb8c6
3.Bf1c4 h6
4.d4 d6
5.dxe5 Bc8d7
6.exd6 Bf8xd6
7.O-O Qd8e7
8.Rf1e1 O-O-O
9.a3 Bd7g4
10.Nb1d2 Nc6d4
11.c3 Nd4xf3
12.gxf3 Bg4h3
13.Qd1e2 Qe7g5
{ resign }
0-1

[Event "Fast Game"]
[Site "www.echecsemail.com"]
[Date "2019.01.02"]
[Round "1"]
[White "Cal"]
[Black "Apdash"]
[WhiteElo "1650"]
[BlackElo "1840"]
[Result "0-1"]
[Round "1"]
1.c4 e5
2.e4 c6
3.d3 d5
4.cxd5 cxd5
5.Nb1c3 d4
6.Nc3d5 Bc8e6
7.a3 Be6xd5
8.exd5 Qd8xd5
9.Ng1f3 Ng8f6
10.h3 Bf8d6
11.b3 O-O
12.b4 Rf8e8
13.Bf1e2 Nb8c6
14.O-O h6
15.Nf3h4 e4
16.dxe4 Nf6xe4
17.Be2f3 Nc6e5
18.Nh4f5 Ne5xf3
19.Qd1xf3 Bd6e5
20.Qf3g4 Kh7
21.Qg4h4 Re8e6
22.f4 Be5f6
23.Qh4g4 d3
24.Ra1b1 Bf6d4
25.Bc1e3 Bd4xe3
26.Nf5xe3 Qd5d4
27.Qg4f5 Kg8
28.Rf1e1 Ne4g3
29.Kh2 Ng3xf5
30.Ne3xf5 Qd4xf4
31.Nf5g3 Re6g6
32.Re1e4 Qf4xg3
 { time }
0-1

[Event "Fast Game"]
[Site "www.echecsemail.com"]
[Date "2019.01.02"]
[Round "1"]
[White "Tonino1"]
[Black "Cal"]
[WhiteElo "1830"]
[BlackElo "1650"]
[Result "1-0"]
[Round "1"]
1.d4 d5
2.Ng1f3 Nb8c6
3.e3 h6
4.c3 Ng8f6
5.Nb1d2 a6
6.Bf1d3 e6
7.Qd1e2 g5
8.Nf3e5 Bf8d6
9.f4 gxf4
10.exf4 Bd6xe5
11.fxe5 Nf6g8
12.O-O Ng8e7
13.Qe2h5 Ne7f5
14.Bd3xf5 exf5
15.Nd2f3  { time }
1-0

[Event "Tourn. n10017"]
[Site "www.echecsemail.com"]
[Date "2019.01.03"]
[Round "1"]
[White "Raicolin"]
[Black "Tonino1"]
[WhiteElo "2459"]
[BlackElo "2340"]
[Result "1-0"]
[Round "1"]
1.c4 d6
2.Nb1c3 Ng8f6
3.g3 c6
4.Bf1g2 e5
5.d4 Qd8c7
6.Ng1f3 g6
7.dxe5 dxe5
8.O-O Bf8g7
9.Bc1g5 O-O
10.Qd1c1 Rf8e8
11.h3 Bc8e6
12.Rf1d1 Be6xc4
13.Bg5xf6 Bg7xf6
14.Nc3e4 Bc4xe2
15.Ne4xf6 Kf8
16.Qc1h6 Ke7
17.Nf6xe8 Kxe8
18.Rd1d2 Be2xf3
19.Bg2xf3 f5
20.Ra1d1 Nb8a6
21.Rd2d7 Qc7xd7
22.Rd1xd7 Kxd7
23.Qh6xh7 Kd6
24.Qh7xb7  { time }
1-0

[Event "Match"]
[Site "www.echecsemail.com"]
[Date "2019.01.03"]
[Round "1"]
[White "Eeze"]
[Black "Coraza"]
[WhiteElo "1800"]
[BlackElo "1750"]
[Result "1-0"]
[Round "1"]
1.e4 e5
2.Ng1f3 Nb8c6
3.c3 Ng8f6
4.d3 h6
5.b4 b5
6.a4 Bc8a6
7.a5 Qd8e7
8.Bc1e3 Nc6xb4
9.cxb4 Qe7xb4
10.Be3d2 Qb4b2
11.Nb1c3 Bf8c5
12.Ra1a2 Qb2b4
13.Nc3d5 Bc5xf2
14.Kxf2 Qb4d6
15.Bd2b4 Qd6e6
16.Nd5xc7 Kd8
17.Nc7xe6 fxe6
18.Nf3xe5 Ke8
19.Bf1e2 Ra8c8
20.Ra2c2 d5
21.Rc2xc8 Ba6xc8
22.Qd1c2 Bc8b7
23.Qc2c7 Bb7a6
24.Qc7b8 { resign }
1-0

[Event "Match"]
[Site "www.echecsemail.com"]
[Date "2019.01.03"]
[Round "1"]
[White "Coraza"]
[Black "Ditto"]
[WhiteElo "1790"]
[BlackElo "1860"]
[Result "0-1"]
[Round "1"]
1.e4 e5
2.Ng1f3 Nb8c6
3.Bf1b5 a6
4.Bb5xc6 bxc6
5.Nf3xe5 Bc8b7
6.Qd1f3 Ng8f6
7.Ne5xf7 Kxf7
8.Qf3b3 Ke8
9.Qb3xb7 Bf8c5
10.Qb7b3 Nf6xe4
11.O-O d5
12.d3 Ne4f6
13.Rf1e1 Bc5e7
14.Bc1g5 Kf7
15.c4 Rh8f8
16.Bg5xf6 Be7xf6
17.Re1d1 Kg8
18.d4 Ra8b8
19.Qb3c2 Qd8d6
20.c5 Qd6f4
21.Rd1f1 Bf6xd4
22.g3 Qf4f6
23.Nb1a3 Bd4xb2
24.Ra1b1 Bb2xa3
25.Qc2d3 Ba3xc5
26.Rb1e1 Bc5d6
27.Qd3xa6 c5
28.Qa6e2 d4
29.Qe2c4 Kh8
30.Re1e6 Qf6f5
31.a4 Rb8b4
32.Qc4e2 h6
33.a5 d3
34.Qe2e1 Qf5g5
35.h4 Rb4xh4
36.Re6e4 d2
37.Qe1e2 Bd6xg3
38.Re4xh4 Bg3xh4
39.Kh1 Qg5d5
40.f3 Bh4g5
41.Kg2 c4
42.Kg3 Bg5f4
43.Kh3 Qd5h5
{ resign }
0-1

[Event "Tourn. n9999"]
[Site "www.echecsemail.com"]
[Date "2019.01.03"]
[Round "1"]
[White "Erno"]
[Black "Fabos12"]
[WhiteElo "1969"]
[BlackElo "1990"]
[Result "0-1"]
[Round "1"]
1.Ng1f3 e6
2.d4 Nb8c6
3.e4 d5
4.Nb1d2 Bf8e7
5.c3 h6
6.e5 Bc8d7
7.Bf1d3 a6
8.O-O b5
9.h3 Nc6a5
10.Nd2b3 Na5c4
11.Qd1e2 Ra8c8
12.Nf3e1 c6
13.Bd3c2 a5
14.a4 b4
15.cxb4 Be7xb4
16.Ne1d3 Bb4e7
17.Nb3c5 h5
 { time }
0-1

[Event "Tourn. n10030"]
[Site "www.echecsemail.com"]
[Date "2019.01.03"]
[Round "1"]
[White "Sorim"]
[Black "Bojan"]
[WhiteElo "2080"]
[BlackElo "2030"]
[Result "1-0"]
[Round "1"]
1.e4 e5
2.Ng1f3 d6
3.d4 exd4
4.Nf3xd4 Bc8d7
5.Bf1c4 Bf8e7
6.O-O Be7f6
7.Qd1h5 g6
8.Qh5d5 Qd8e7
9.Qd5xb7 Bf6xd4
10.Qb7xa8 Qe7d8
11.Qa8d5 Qd8f6
12.c3 Bd4b6
13.a4 Bd7c6
14.Qd5d3 Nb8d7
15.a5 Nd7e5
16.Qd3e2 Ng8e7
17.axb6 axb6
18.Bc4b5 O-O
19.Ra1a7 Rf8c8
20.f4 Ne5d7
21.f5 Qf6g7
22.fxg6 hxg6
23.Bb5a6 Rc8a8
24.Ra7xc7 Qg7e5
25.Bc1f4 Qe5c5
26.Bf4e3 Qc5a5
27.Ba6c4 Ra8f8
28.Be3h6 b5
29.Rc7xc6 Ne7xc6
30.Bh6xf8 Nd7xf8
31.Bc4xb5 Nc6e5
32.b4 Qa5c7
33.c4 Nf8e6
34.Nb1c3 Ne6d4
35.Qe2f2 Nd4xb5
36.Nc3xb5 Qc7xc4
37.Nb5xd6 Qc4e6
38.Qf2f6 { resign }
1-0

[Event "Tourn. n10010"]
[Site "www.echecsemail.com"]
[Date "2019.01.03"]
[Round "1"]
[White "Darko10"]
[Black "Aperturaf"]
[WhiteElo "2800"]
[BlackElo "2720"]
[Result "1/2-1/2"]
[Round "1"]
1.Ng1f3 d5
2.d4 Ng8f6
3.c4 e6
4.Nb1c3 Bf8e7
5.Bc1f4 O-O
6.e3 Nb8d7
7.c5 Nf6e4
8.Nc3xe4 dxe4
9.Nf3e5 Nd7xe5
10.Bf4xe5 b6
11.Qd1c2 bxc5
12.Qc2xe4 Ra8b8
13.Ra1d1 cxd4
14.Bf1d3 g6
15.Qe4xd4 Qd8xd4
16.Be5xd4 a5
17.Rd1c1 Be7d6
18.O-O e5
19.Bd4c3 a4
20.Bd3c4 Rf8e8
21.Rf1d1 Bc8e6
22.Bc4xe6 Re8xe6
23.Rd1d5 Re6e8
24.Rc1c2 Rb8a8
25.e4 f6
26.Kf1 Ra8a6
27.Bc3d2 Re8b8
28.Ke2 Kf7
29.Kd1 Ke6
30.Rd5d3 h5
31.Rd3g3 g5
32.Rg3c3 { draw }
1/2-1/2

[Event "Tourn. n10000"]
[Site "www.echecsemail.com"]
[Date "2019.01.03"]
[Round "1"]
[White "Rons"]
[Black "Drawlward"]
[WhiteElo "2630"]
[BlackElo "2620"]
[Result "1/2-1/2"]
[Round "1"]
1.e4 c5
2.Ng1f3 Nb8c6
3.d4 cxd4
4.Nf3xd4 Ng8f6
5.Nb1c3 e5
6.Nd4b5 d6
7.Bc1g5 a6
8.Nb5a3 b5
9.Nc3d5 Bf8e7
10.Bg5xf6 Be7xf6
11.c3 O-O
12.Na3c2 Bf6g5
13.a4 bxa4
14.h4 Bg5h6
15.Nc2e3 Ra8b8
16.Qd1xa4 Nc6e7
17.Nd5xe7 Qd8xe7
18.Ne3d5 Qe7e6
19.Qa4c2 Qe6g4
20.b4 Bc8b7
21.Qc2e2 Qg4e6
22.Qe2d1 f5
23.Bf1xa6 Bb7c6
24.Ba6c4 Kh8
25.Qd1e2 fxe4
26.Qe2xe4 Qe6d7
27.g3 g6
28.O-O Rf8f5
29.f3 Rf5f7
30.Kg2 Rb8f8
31.Ra1a5 Bc6b7
32.Bc4a6 Bb7c6
33.Ba6e2 Qd7b7
34.Rf1d1 Bc6d7
35.b5 Bd7f5
36.Qe4c4 Bf5c8
37.b6 Qb7d7
38.Rd1h1 Bc8b7
39.h5 Qd7f5
40.g4 Qf5g5
41.hxg6 Qg5xg6
42.Qc4d3 e4
43.Qd3xe4 Qg6xe4
44.fxe4 Bb7xd5
45.Rh1xh6 Bd5xe4
46.Kg3 Rf7f2
47.Be2b5 Rf2g2
48.Kh3 Rg2g1
49.Rh6e6 Rg1h1
50.Kg3 Rf8f3
51.Kg2 Rh1h3
52.Re6e8 Kg7
53.Ra5a7 Kg6
54.Re8e6 Kg5
55.Ra7g7 Be4g6
56.Re6e2 Kh4
57.b7 Rh3g3
58.Kh1 Rf3f1
59.Kh2 Rg3h3
60.Kg2 Rf1f8
61.Rg7e7 Rh3xc3
62.Re2e3 Rc3c2
63.Kg1 Rc2c1
64.Re3e1 Rc1c3
65.Bb5f1 Rc3b3
66.Bf1g2 Rf8f4
67.Kh2 Rf4xg4
68.Re1e3 Rb3b2
69.Re3e2 Rb2b1
70.Re2d2 Rb1b6
71.Bg2d5 Rg4b4
72.Rd2g2 Kh5
73.Re7d7 Kh6
{ draw }
1/2-1/2

[Event "Match"]
[Site "www.echecsemail.com"]
[Date "2019.01.03"]
[Round "1"]
[White "Nevaeh"]
[Black "Gimmyg"]
[WhiteElo "1809"]
[BlackElo "2620"]
[Result "1-0"]
[Round "1"]
1.Ng1f3 Ng8f6
2.d4 e6
3.g3 c5
4.Bf1g2 cxd4
5.O-O Bf8e7
6.Nf3xd4 Nb8c6
7.c4 O-O
8.Nb1c3 Qd8b6
9.Nd4b5 a6
10.Bc1e3 Qb6d8
11.Nb5d6 Nf6g4
12.Be3f4 g5
13.Bf4c1 Qd8c7
14.c5 b6
15.e4 h5
16.h3 Ng4e5
17.f4 gxf4
18.gxf4 Ne5g6
19.e5 bxc5
20.f5 Ng6xe5
21.Nd6xc8 Rf8xc8
22.Qd1xh5 c4
23.Kh1 Ra8b8
24.Bg2e4 { resign }
1-0

[Event "Tourn. n10007"]
[Site "www.echecsemail.com"]
[Date "2019.01.03"]
[Round "1"]
[White "Bojan"]
[Black "Roque1"]
[WhiteElo "1980"]
[BlackElo "1990"]
[Result "1-0"]
[Round "1"]
1.e4 c5
2.Ng1f3 e6
3.e5 d5
4.d4 Nb8c6
5.c3 g6
6.Bc1g5 Bf8e7
7.Bg5e3 f6
8.exf6 Ng8xf6
9.Nb1d2 O-O
10.dxc5 b6
11.cxb6 axb6
12.Nd2b3 Bc8d7
13.Nb3d4 Rf8f7
14.Nd4xc6 Bd7xc6
15.Nf3e5 Rf7g7
16.Ne5xc6 Qd8c7
17.Nc6xe7 Qc7xe7
18.Qd1d2 Nf6e4
19.Qd2d4 Ra8f8
20.Bf1d3 Ne4d6
21.Be3h6 Nd6f5
22.Bd3xf5 exf5
23.Kd2 Rf8e8
24.Ra1e1 Qe7f8
25.Re1xe8 Qf8xe8
26.Qd4xg7 
1-0

[Event "Match"]
[Site "www.echecsemail.com"]
[Date "2019.01.03"]
[Round "1"]
[White "Mitja"]
[Black "Bojan"]
[WhiteElo "1900"]
[BlackElo "1960"]
[Result "1-0"]
[Round "1"]
1.b3 d5
2.Bc1b2 Nb8c6
3.Ng1f3 f6
4.d3 e5
5.h3 h6
6.e3 Bc8f5
7.Nb1d2 e4
8.dxe4 dxe4
9.Nf3d4 Nc6xd4
10.Bb2xd4 Qd8d7
11.Bf1e2 Ra8d8
12.O-O Bf8d6
13.c4 b6
14.Qd1c2 c5
15.Bd4c3 Ng8e7
16.Ra1d1 Qd7c6
17.Nd2b1 Ne7g6
18.Be2h5 O-O
19.Bh5xg6 Bf5xg6
20.Qc2e2 Qc6d7
21.Nb1a3 a6
22.Na3c2 Qd7e6
23.a4 a5
24.Nc2a3 Bd6b8
25.Na3b5 h5
26.Rd1xd8 Rf8xd8
27.Rf1d1 Rd8d7
28.Rd1xd7 Qe6xd7
29.Qe2d2 Qd7e7
30.Qd2d5 Bg6f7
31.Qd5d1 g6
32.Qd1e2 Bf7e6
33.f4 exf3
34.Qe2xf3 Kf7
35.Bc3b2 Be6f5
36.Nb5c3 Bf5c2
37.Nc3d5 Qe7d6
38.Bb2xf6 Kg8
39.Bf6e7 Qd6h2
40.Kf2 Bc2f5
41.e4 g5
42.exf5 g4
43.hxg4 Qh2h4
44.Be7xh4 { resign }
1-0